Cities and Towns in Wayne County, MI - Statistics

General Stats
  • This quiz has been taken 63 times
  • The average score is 25 of 42
Answer Stats
Answer % Correct
DETROIT
100%
DEARBORN
97%
DEARBORN HEIGHTS
84%
ROMULUS
82%
LIVONIA
79%
WAYNE
79%
Grosse Pointe
76%
HAMTRAMCK
74%
TAYLOR
74%
WYANDOTTE
74%
ALLEN PARK
71%
Canton
68%
Ecorse
68%
GARDEN CITY
68%
GROSSE POINTE WOODS
68%
HIGHLAND PARK
68%
WESTLAND
68%
LINCOLN PARK
66%
River Rouge
66%
INKSTER
63%
Melvindale
63%
Gibraltar
61%
Grosse Pointe Park
61%
SOUTHGATE
61%
Belleville
58%
Flat Rock
58%
Grosse Pointe Farms
58%
Grosse Pointe Shores
58%
HARPER WOODS
58%
Plymouth
58%
TRENTON
58%
Grosse Ile
53%
Riverview
53%
Northville
50%
Redford
50%
Woodhaven
50%
Brownstown
42%
New Boston
26%
Denton
13%
Willow
11%
Sheldon
8%
Waltz
5%
No matching quizzes found
Score Distribution
Percent of People with Each Score
Percentile by Number Answered
Your Score History
You have not taken this quiz